Current Trends of Internal Controlling in Companies Operating in Slovak Republic
Hlavné rozdiely medzi západným a východným prístupom ku kontrole. Typológia kontroly vo východnom prístupe. Teoretické základy trendov v internej kontrole. Prvky kontrolnej stratégie a angažovanosti. Výsledky výskumu uskutočneného na prelome rokov 2016 a 2017 za cieľom zistiť aktuálne trendy v inter...
Na minha lista:
| Autor principal: | |
|---|---|
| Formato: | Capítulo de Livro |
| Idioma: | inglês |
| Assuntos: | |
| Tags: |
Sem tags, seja o primeiro a adicionar uma tag!
|
MARC
| LEADER | 00000nla a2200000 4500 | ||
|---|---|---|---|
| 001 | 0242954 | ||
| 005 | 20250203090309.4 | ||
| 041 | 0 | |a eng | |
| 044 | |a CZ | ||
| 245 | 1 | 0 | |a Current Trends of Internal Controlling in Companies Operating in Slovak Republic |c Juraj Mišún |
| 520 | |a Hlavné rozdiely medzi západným a východným prístupom ku kontrole. Typológia kontroly vo východnom prístupe. Teoretické základy trendov v internej kontrole. Prvky kontrolnej stratégie a angažovanosti. Výsledky výskumu uskutočneného na prelome rokov 2016 a 2017 za cieľom zistiť aktuálne trendy v internej kontrole a postoje manažérov ku kontrole. | ||
| 610 | 2 | 0 | |a kontrola |
| 610 | 2 | 0 | |a kontrola podniková |
| 610 | 2 | 0 | |a kontrola vnútorná |
| 610 | 2 | 0 | |a manažéri |
| 610 | 2 | 0 | |a manažment |
| 610 | 2 | 0 | |a výskum |
| 610 | 2 | 0 | |a Slovensko |
| 100 | 1 | |a Mišún, Juraj, 1978- | |